| 000 | 00726nam a22001937a 4500 | ||
|---|---|---|---|
| 003 | OSt | ||
| 005 | 20251127140815.0 | ||
| 008 | 251127b |||||||| |||| 00| 0 eng d | ||
| 020 | _a978-621-406-293-5 | ||
| 040 |
_aDWC-Main lib _cOC |
||
| 082 | _aFil. 303.4834 L411s 2020 | ||
| 100 | _aLaviña, Charlemagne Garcia | ||
| 245 |
_aSocial, ethical , legal and professional issues in computing the computer explanation of the Philippine cybercrime laws/ _cCharlemagne Garcia Laviña |
||
| 260 |
_aIntramuros, Manila : _bMindshapers co. inc., _cc2020. |
||
| 300 |
_ax , 394 pages : _billustrations ; _c25cm. |
||
| 650 | _a1. Computers -- Moral | ||
| 650 | _a2. Computers-- Social aspects | ||
| 942 |
_2ddc _cBK - FIL _kFil. _n0 |
||
| 999 |
_c6473 _d6473 |
||